000 00633nam a2200253Ia 4500
003 OSt
005 20221006145016.0
006 a|||||r|||| 00| 0
007 ta
008 221006b |||||||| |||| 00| 0 eng d
020 _a0706905644
_c36.00
024 _a13,487
037 _cTextual
040 _aEASL
_cEASL
_beng
041 _2eng
_aeng
082 _aV4497.N7, L8
100 _aRAHUL Ram
_9106230
245 0 _aHimalaya as a frontier
260 _aDelhi
_bVikas Pub.
_c1978
300 _a152p.
_ccm.
490 _v Oth
942 _hV4497.N7, L8
_cTEXL
_2CC
999 _c1081573
_d1081573